| 000 | 00426nam a2200181Ia 4500 | ||
|---|---|---|---|
| 001 | 1994 | ||
| 005 | 20260306143809.0 | ||
| 008 | 260306t2020||||xx |||||||||||||| ||spa|| | ||
| 041 | _aESP | ||
| 082 |
_a610 _bL26 |
||
| 100 |
_aJameson, J. Larry, _eAUT |
||
| 245 | 0 | _aHarrison. Manual de Medicina | |
| 260 | _c2020 | ||
| 300 |
_axiii, 1259 páginas : _c20 cm. |
||
| 650 | _aGEN | ||
| 654 | _aCCS | ||
| 942 |
_cLIB _dJUS _fJUS _2ddc _n |
||
| 999 |
_c1994 _d1994 |
||